مكتبة جامعة عجلون الوطنية

فهرس بحث المكتبة

المسؤولية المدنية لمقدمي خدمات الدفع الالكتروني في التجارة الرقمية = The Civil liability of Electronic Payment Service Providers in Digital Commerce (Record no. 34182)

MARC details
000 -LEADER
fixed length control field 01101nam a22001937a 4500
003 - CONTROL NUMBER IDENTIFIER
control field JO-AjAnu
005 - DATE AND TIME OF LATEST TRANSACTION
control field 20260420062205.0
008 - FIXED-LENGTH DATA ELEMENTS--GENERAL INFORMATION
fixed length control field 260420b jo ||||| |||| 00| 0 ara d
040 ## - CATALOGING SOURCE
Original cataloging agency ANU
Transcribing agency JO-AjAnu
041 ## - LANGUAGE CODE
Language code of original ARA
100 ## - MAIN ENTRY--PERSONAL NAME
Personal name العزام، روابي محمد حسين
Relator term معد
9 (RLIN) 66956
245 ## - TITLE STATEMENT
Title المسؤولية المدنية لمقدمي خدمات الدفع الالكتروني في التجارة الرقمية = The Civil liability of Electronic Payment Service Providers in Digital Commerce
Statement of responsibility, etc. / روابي محمد حسين العزام؛ اشراف احمد عبدالكريم موسى الصرايرة
260 ## - PUBLICATION, DISTRIBUTION, ETC.
Place of publication, distribution, etc. عجلون:
Name of publisher, distributor, etc. جامعة عجلون الوطنية؛
Date of publication, distribution, etc. 2026
300 ## - PHYSICAL DESCRIPTION
Extent 94 ورقة
500 ## - GENERAL NOTE
General note رسالة جامعية (رسالة ماجستير في القانون - كلية الحقوق) جامعة عجلون الوطنية؛ 2026
650 ## - SUBJECT ADDED ENTRY--TOPICAL TERM
Form subdivision المعاملات الالكترونية-قوانين وتشريعات
700 ## - ADDED ENTRY--PERSONAL NAME
Personal name الصرايرة، أحمد عبدالكريم موسى الصرايرة
Relator term مشرف
9 (RLIN) 66498
942 ## - ADDED ENTRY ELEMENTS (KOHA)
Source of classification or shelving scheme Library of Congress Classification
Koha item type Thesis
Suppress in OPAC No
Holdings
Withdrawn status Lost status Source of classification or shelving scheme Damaged status Not for loan Home library Current library Date acquired Total Checkouts Full call number Barcode Date last seen Price effective from Koha item type
    Library of Congress Classification     مكتبة جامعة عجلون الوطنية مكتبة جامعة عجلون الوطنية 20/04/2026   K564.2026 A30629 20/04/2026 20/04/2026 Thesis
    Library of Congress Classification     مكتبة جامعة عجلون الوطنية مكتبة جامعة عجلون الوطنية 20/04/2026   K564.2026 A30628 20/04/2026 20/04/2026 Thesis